[Event "XVIII Open"]
[Site "Andorra AND"]
[Date "2000.07.02"]
[Round "9"]
[White "Gallego,R"]
[Black "Jirovsky,M"]
[Result "0-1"]
[WhiteElo "2264"]
[BlackElo "2474"]

1.e4 c5 2.Nf3 Nc6 3.Nc3 g6 4.g3 Bg7 5.Bg2 e5 6.d3 d6 7.Bg5 f6 8.Be3 Nge7
9.Qd2 O-O 10.h4 h5 11.Nh2 Be6 12.f4 Nd4 13.Nd1 b5 14.c3 Ndc6 15.Nf2 Qd7 16.Bf3 f5
17.Bg2 b4 18.Nf3 bxc3 19.bxc3 d5 20.fxe5 Nxe5 21.Ng5 fxe4 22.dxe4 Nc4 23.Qc1 Nxe3
24.Qxe3 d4 25.Qe2 d3 26.Qd2 c4 27.Nxe6 Qxe6 28.O-O Qe5 29.Kh2 Qxc3 30.Qg5 Qe5
31.Nh3 Qxg5  0-1

[Event "XVIII Open"]
[Site "Andorra AND"]
[Date "2000.07.02"]
[Round "9"]
[White "Berzinsh,R"]
[Black "Estremera Panos,S"]
[Result "1-0"]
[WhiteElo "2458"]
[BlackElo "2353"]

1.e4 c5 2.Nc3 Nc6 3.Nge2 d6 4.d4 cxd4 5.Nxd4 Nf6 6.Bc4 e6 7.Bb3 a6 8.Be3 Be7
9.f4 O-O 10.O-O Qc7 11.f5 Nxd4 12.Bxd4 b5 13.fxe6 fxe6 14.a4 b4 15.Ne2 Kh8
16.a5 Bd7 17.Bb6 Qb7 18.Nf4 e5 19.Nd5 Bb5 20.Re1 Bd8 21.Bf2 Bc6 22.Qd2 Rb8
23.h3 Bxd5 24.exd5 Qb5 25.Qe2 Qxe2 26.Rxe2 Rb5 27.Bc4 Rxa5 28.Rxa5 Bxa5 29.Bxa6 Nxd5
30.Rd2 Nf6 31.Rxd6 Ra8 32.Be3 h6 33.Rc6 Nd5 34.Bc5 Bb6 35.Bc4 Ne7 36.Rxb6  1-0

[Event "White Nights Women"]
[Site "St Petersburg RUS"]
[Date "2000.07.02"]
[Round "9"]
[White "Sorokina,A"]
[Black "Zimina,O"]
[Result "1/2-1/2"]
[WhiteElo "2165"]
[BlackElo "2163"]

1.e4 c5 2.Nf3 Nc6 3.Nc3 Nf6 4.d4 cxd4 5.Nxd4 e6 6.Be2 Bb4 7.O-O Bxc3 8.bxc3 Nxe4
9.Qd3 d5 10.Nxc6 bxc6 11.Ba3 Qa5 12.Bb4 Qc7 13.c4 a5 14.Ba3 Ba6 15.Qe3 Qa7
16.Qf4 Qb8 17.Qg4 Qe5 18.Bd3 h5 19.Qe2 Qc3 20.cxd5 Qxa3 21.Bxa6 cxd5 22.Qb5+ Ke7
23.Qc6 Qd6 24.Qb7+ Kf6 25.Qb2+ Qe5 26.Qb6 h4 27.f4 Qc3 28.f5 Qc5+ 29.Qxc5 Nxc5
30.fxe6+ Kxe6 31.Rae1+ Kd6 32.Bb5 Ra7 33.Rf5 Ne4 34.c4 Nc3 35.Re3 Nxb5 36.Rxd5+ Kc6
37.Rxb5 Rd8 38.Kf2 a4 39.Ra3 f6 40.Ke3 h3 41.gxh3 Rd1 42.Kf3 Rd2 43.Kg3 Rc2
44.Rb4 Rd7 45.Rbxa4 Rdd2 46.Ra6+  1/2-1/2

[Event "ch-Quebec KO Qualfier"]
[Site "Montreal CAN"]
[Date "2000.07.04"]
[Round "4"]
[White "Pneumonidis,P"]
[Black "Prahov,V"]
[Result "1-0"]
[WhiteElo "2080"]
[BlackElo "2229"]

1.e4 c5 2.Nf3 Nc6 3.Nc3 g6 4.d4 cxd4 5.Nxd4 Bg7 6.Be3 Nf6 7.Bc4 O-O 8.Bb3 a5
9.f3 d5 10.exd5 Nb4 11.Nde2 a4 12.Nxa4 Nfxd5 13.Bd2 Bf5 14.Nac3 Nxc3 15.Bxc3 Qxd1+
16.Rxd1 Nxc2+ 17.Kf2 Bxc3 18.Nxc3 Nb4 19.Rd2 Rfd8 20.Rhd1 Rxd2+ 21.Rxd2 h5
22.Nd5 Nc6 23.h4 Kg7 24.Ne3 Bb1 25.a3 Rd8 26.Rxd8 Nxd8 27.Ke2 e5 28.Kd2 f5
29.Nd5 f4 30.Nc3 Bf5 31.Bd5 Kf6 32.Ne4+ Ke7 33.Kc3 b6 34.Kb4 Bd7 35.Nd2 b5
36.Kc5 Ne6+ 37.Bxe6 Kxe6 38.Ne4 Be8 39.Ng5+ Kf5 40.Kd6 b4 41.axb4 Bb5 42.Kc5 Bf1
43.b5 e4 44.fxe4+ Kg4 45.b6 Ba6 46.e5  1-0

[Event "29th ch-GRE Team"]
[Site "Athens GRE"]
[Date "2000.07.06"]
[Round "1"]
[White "Marjanovic,S"]
[Black "Istratescu,A"]
[Result "1/2-1/2"]
[WhiteElo "2524"]
[BlackElo "2556"]

1.e4 c5 2.Nc3 Nc6 3.Nf3 e5 4.Bc4 d6 5.d3 Be7 6.Nd2 Nf6 7.Nf1 Bg4 8.f3 Be6
9.Ne3 O-O 10.O-O Nd4 11.a4 Kh8 12.Bd2 Nd7  1/2-1/2

[Event "29th ch-GRE Team"]
[Site "Athens GRE"]
[Date "2000.07.06"]
[Round "1"]
[White "Prentos,K"]
[Black "Nikolaidis,K"]
[Result "0-1"]
[WhiteElo "2241"]
[BlackElo "2327"]

1.e4 c5 2.Nf3 Nc6 3.Nc3 e6 4.Bb5 Nge7 5.O-O a6 6.Bxc6 Nxc6 7.Re1 d6 8.b3 Be7
9.Bb2 O-O 10.Ne2 b6 11.d4 cxd4 12.Nexd4 Bb7 13.c4 Qc7 14.Rc1 Ne5 15.Qe2 Rac8
16.Red1 Rfd8 17.Ba3 Nd7 18.Nd2 Nc5 19.f3 Bg5 20.Rc2 Qe7 21.Nf1 g6 22.Qe1 Bh6
23.Qb4 Qc7 24.Qe1 Qe7 25.Qb4 Qc7 26.Qe1 Bg7 27.Qh4 b5 28.cxb5 Qb6 29.Qf2 Nxe4
30.Rxc8 Nxf2 31.Rxd8+ Qxd8 32.Kxf2 Qb6  0-1

[Event "29th ch-GRE Team"]
[Site "Athens GRE"]
[Date "2000.07.07"]
[Round "2"]
[White "Mastrovasilis,D"]
[Black "Gogolis,A"]
[Result "1-0"]
[WhiteElo "2381"]
[BlackElo "2219"]

1.e4 c5 2.Nf3 Nc6 3.Nc3 g6 4.d4 cxd4 5.Nxd4 Bg7 6.Nde2 Nf6 7.g3 O-O 8.Bg2 d6
9.O-O Bd7 10.Nd5 Ne8 11.c3 e6 12.Ne3 Qc7 13.Kh1 Rd8 14.b3 Bc8 15.Bb2 Ne7
16.Nf4 f5 17.exf5 Nxf5 18.Qe2 Qf7 19.Nxf5 gxf5 20.Rfe1 Nc7 21.c4 Bxb2 22.Qxb2 e5
23.Nd3 b6 24.Rad1 Ne6 25.Nb4 Bb7 26.Nc6 f4 27.Nxd8 Bxg2+ 28.Kxg2 f3+ 29.Kh1 Rxd8
30.Qd2 Rd7 31.Rxe5 dxe5 32.Qxd7 Qf5 33.g4 Qg6 34.Qd5 h5 35.Rg1 Kf7 36.Qxf3+ Nf4
37.gxh5 Qd6 38.h6 Qxh6 39.b4 Qd6 40.Qb7+ Ke6 41.Qc8+ Kf6 42.Qh8+ Kf5 43.Qh7+  1-0

[Event "FSIMB July"]
[Site "Budapest HUN"]
[Date "2000.07.08"]
[Round "8"]
[White "Carlsson,P"]
[Black "Cooke,E"]
[Result "1-0"]
[WhiteElo "2262"]
[BlackElo "2266"]

1.e4 c5 2.Nc3 Nc6 3.Nf3 d6 4.d4 cxd4 5.Nxd4 Nf6 6.f4 e6 7.Be3 a6 8.Qf3 Qc7
9.O-O-O Bd7 10.g4 Nxd4 11.Bxd4 Bc6 12.g5 Nd7 13.Bh3 O-O-O 14.Qh5 b5 15.a3 a5
16.Rhe1 b4 17.axb4 axb4 18.Na2 Qa5 19.Kb1 g6 20.Qe2 e5 21.Qc4 Kb7 22.Nxb4 Rc8
23.Nxc6 Rxc6 24.Qb3+ Nb6 25.fxe5 Be7 26.Bxb6 Qxb6 27.Qxf7 Rb8 28.exd6 Qc5
29.Re2 Qb5 30.Red2 Ka8 31.Qa2+ Ra6 32.Qd5+ Qxd5 33.Rxd5 Bd8 34.Bg2 Ka7 35.Bf1 Ra4
36.e5 Bxg5 37.d7 Bd8 38.Rc5 Re4 39.Bd3 Re3 40.b3 Be7 41.Ra5+ Kb6 42.Rb5+ Kc7
43.Rxb8 Kxb8 44.Bxg6 Kc7 45.Bxh7 Rxe5 46.c3 Rh5 47.Bc2 Rxh2 48.Rd3 Bd8 49.b4 Rf2
50.Kb2 Rg2 51.c4 Bf6+ 52.Kb3 Bd8 53.Rd5 Rg3+ 54.Bd3 Be7 55.Ka4 Rg8 56.c5 Ra8+
57.Kb5 Rd8 58.Bf5 Rb8+ 59.Kc4 Kc6 60.b5+ Kc7 61.b6+ Kd8 62.Kb5  1-0

[Event "Equitable Card Invitational"]
[Site "Quezon City PHI"]
[Date "2000.07.08"]
[Round "9"]
[White "Mariano,N"]
[Black "Wang Lei"]
[Result "0-1"]
[WhiteElo "2403"]
[BlackElo "2495"]

1.e4 c5 2.Ne2 Nc6 3.Nbc3 d6 4.g3 g6 5.Bg2 Bg7 6.O-O e6 7.d3 Nge7 8.Be3 Nd4
9.Qd2 O-O 10.Rab1 e5 11.f4 Be6 12.a3 Rb8 13.Nd5 Bxd5 14.exd5 Nef5 15.Nxd4 cxd4
16.Bf2 exf4 17.gxf4 Rc8 18.Rfe1 b6 19.Rbc1 Qf6 20.Re4 Rc5 21.c4 dxc3 22.bxc3 Rxc3
23.Rxc3 Qxc3 24.Qxc3 Bxc3 25.Ra4 Ba5 26.Rc4 Rb8 27.Be4 Bd2 28.Bxf5 gxf5 29.Kg2 b5
30.Rc2 Bxf4 31.Bxa7 Ra8 32.Rc7 Kg7 33.h3 Be5 34.Rb7 Kg6 35.Kf3 h5 36.Ke2 h4
37.Kd2 Kf6 38.Ke2 Bg3 39.Bd4+ Be5 40.Ba7 Kg6 41.Kd2 f6 42.Ke2 Bf4 43.Rc7 Bh6
44.Kf3 Bg5 45.Rb7 Bc1 46.Be3 Bxe3 47.Kxe3 Rxa3 48.Rxb5 f4+ 49.Ke4 f5+ 50.Kxf4 Rxd3
51.Ra5 Kf6  0-1

[Event "ch-SCCF"]
[Site "Los Angeles USA"]
[Date "2000.07.09"]
[Round "4"]
[White "Yee,K"]
[Black "Ambarcumjan,A"]
[Result "1/2-1/2"]
[WhiteElo "2276"]
[BlackElo "2377"]

1.e4 c5 2.Nc3 Nc6 3.Bb5 g6 4.Bxc6 dxc6 5.d3 Bg7 6.f4 Nf6 7.Nf3 O-O 8.O-O Qc7
9.Qe1 Bg4 10.Qh4 Rfe8 11.Be3 b6 12.f5 Bxf3 13.Rxf3 Nd7 14.Raf1 Qe5 15.g4 f6
16.Rh3 Nf8 17.Bh6 Rad8 18.Bxg7 Kxg7 19.Qh6+ Kf7 20.Ne2 Rd6 21.Nf4 Qxb2 22.fxg6+ hxg6
23.Nxg6 Nxg6 24.Qh7+ Ke6 25.Qxg6 Kd7 26.c4 Qxa2 27.Qf5+ Kc7 28.e5 fxe5 29.Qxe5 Qd2
30.Re3 Kb7 31.Rff3 Rd4 32.Qg7 a5 33.Rxe7+ Rxe7 34.Qxe7+ Ka6 35.Qe6 a4 36.h3 Rxd3
37.Rxd3 Qxd3 38.Kg2 Qd2+ 39.Kg3 Qc3+ 40.Kg2 Qd2+ 41.Kg3 Qd3+ 42.Kg2 Qd2+  1/2-1/2

[Event "ch-POL women"]
[Site "Brzeg Dolny POL"]
[Date "2000.07.10"]
[Round "5"]
[White "Grabarska,B"]
[Black "Aksiuczyc,M"]
[Result "1-0"]
[WhiteElo "2318"]
[BlackElo "2264"]

1.e4 c5 2.Nf3 Nc6 3.Nc3 e5 4.Bc4 d6 5.d3 Be7 6.Nd2 Bg5 7.Nf1 Be6 8.Bxe6 Bxc1
9.Bxf7+ Kxf7 10.Rxc1 Nf6 11.Ne3 g6 12.O-O Kg7 13.Ncd5 Nh5 14.c3 Rf8 15.Qg4 Nf4
16.Qd1 Rf7 17.g3 Ne6 18.f4 exf4 19.Nxf4 Nxf4 20.Rxf4 Rxf4 21.gxf4 Qh4 22.Qg4 Qxg4+
23.Nxg4 Ne7 24.Kf2 d5 25.Ke3 Re8 26.Ne5 Nc6 27.d4 dxe4 28.Nxc6 bxc6 29.dxc5 Rd8
30.Rc2 Kf6 31.Kxe4 Re8+ 32.Kf3 Kf5 33.Rd2 Re1 34.b4 Rf1+ 35.Ke3 Rc1 36.Kd4 h5
37.a4 Ra1 38.Kc4 Rxa4 39.Rd6 Ra2 40.Rxc6 Rxh2 41.Ra6 Re2 42.c6 Re7 43.b5 h4
44.Rxa7 Rxa7 45.b6 Rh7 46.c7  1-0

[Event "t-EuCh U18"]
[Site "Balatonlelle HUN"]
[Date "2000.07.11"]
[Round "3"]
[White "Geanta,H"]
[Black "Eljanov,P"]
[Result "1/2-1/2"]
[WhiteElo "2232"]
[BlackElo "2487"]

1.e4 c5 2.Nf3 Nc6 3.Nc3 Nf6 4.Bb5 Nd4 5.e5 Nxb5 6.Nxb5 Nd5 7.Ng5 f5 8.exf6 Nxf6
9.O-O a6 10.Nc3 e6 11.d4 cxd4 12.Qxd4 Be7 13.Be3 O-O 14.Rad1 b5 15.Nge4 Nxe4
16.Nxe4 d5 17.Nc5 Bf6 18.Qb4 Qe8 19.f4 a5 20.Qb3 Qc6 21.c3 Be7 22.Nd3 Ba6
23.Ne5 Qc7 24.Qc2 Bd6 25.Bd4 Rf5 26.Rf3 Raf8 27.Rdf1 b4 28.R1f2 Bxe5 29.Bxe5 Qc4
30.b3 Qe4 31.Qxe4 dxe4 32.Re3 bxc3 33.Rxc3 Rd8 34.Rfc2 Rf7 35.Kf2 Rfd7 36.Rc7 Rd2+
37.Ke3 Rxc2 38.Rxc2 Rd7 39.Rc5 a4 40.Ra5 Bf1 41.Rxa4 Bxg2 42.Bd4 Kf7 43.Ra7 Rxa7
44.Bxa7 Ke7 45.Bd4 g6 46.a4 Kd6 47.Kd2 e3+ 48.Bxe3 Kd5 49.Bb6 Bf3 50.Bc7 Kc6
51.Bb8 Kd5 52.Kc3 Bd1 53.Kb4 Kc6 54.Ka3 Kd5 55.b4 Kc4 56.b5 Bc2 57.Be5 Bd1
58.b6 Bf3 59.Kb2 Kb4 60.Bc7 Kxa4 61.Kc3 Kb5 62.Kd4 Kc6 63.Ke5 Kb7  1/2-1/2

[Event "FSIMB July"]
[Site "Budapest HUN"]
[Date "2000.07.12"]
[Round "12"]
[White "Naes,F"]
[Black "Xu Hanbing"]
[Result "1-0"]
[WhiteElo "2257"]
[BlackElo "2420"]

1.e4 c5 2.Nf3 Nc6 3.Nc3 g6 4.g3 Bg7 5.Bg2 d6 6.d3 Rb8 7.Be3 b5 8.Qd2 e6 9.O-O b4
10.Nd1 Nd4 11.Ne1 Ne7 12.c3 bxc3 13.bxc3 Ndc6 14.Bh6 O-O 15.Bxg7 Kxg7 16.Ne3 e5
17.f4 f6 18.Nf3 Be6 19.d4 cxd4 20.cxd4 Nxd4 21.Nxd4 exd4 22.Qxd4 Qb6 23.Rfd1 Qxd4
24.Rxd4 Rfd8 25.Rd2 Kf7 26.Rad1 Rb6 27.g4 Ke8 28.Kf2 Rd7 29.f5 Bf7 30.Bf1 g5
31.a4 Kf8 32.a5 Rb4 33.Rxd6 Rxd6 34.Rxd6 Rxe4 35.Rxf6 Rxe3 36.Rxf7+ Kxf7
37.Kxe3 Nc6 38.Bg2 Ne5 39.h3 Ke7 40.Kd4 Kd6 41.Bh1 Nd7 42.Kc4 Nf6 43.Kb5 Kc7
44.Bf3 Nd7 45.Bd1 Nf6 46.Kc4 Kd7 47.Ba4+ Kc7 48.Bb5 h5 49.gxh5 Nxh5 50.Kd5 Nf4+
51.Ke5 Nxh3 52.f6 Nf4 53.Kf5 Kd6 54.Kxg5 Ne6+ 55.Kg6 Nf8+ 56.Kf5 Nh7 57.f7 Nf8
58.Kf6 Nh7+ 59.Kg6 Ke7 60.Kg7 Nf8 61.Kg8 Ne6 62.Bc4 Nf8 63.Bd3 Nd7 64.Kg7 Nc5
65.Bf5  1-0

[Event "Golden Cleopatra Open"]
[Site "Cairo EGY"]
[Date "2000.07.13"]
[Round "3"]
[White "Yousry,S"]
[Black "Navrotescu,C"]
[Result "0-1"]
[WhiteElo "2239"]
[BlackElo "2439"]

1.e4 c5 2.Nc3 Nc6 3.Nf3 g6 4.Bc4 Bg7 5.O-O e6 6.d4 cxd4 7.Nb5 d6 8.Nfxd4 Ne5
9.Bb3 a6 10.Nc3 Ne7 11.Bg5 h6 12.Bh4 g5 13.Bg3 N7g6 14.Qh5 O-O 15.Rad1 b5
16.Nf3 Qe7 17.Nxe5 dxe5 18.Rd2 Ra7 19.Rfd1 Rc7 20.Qe2 Nf4 21.Qe3 Bb7 22.f3 Rfc8
23.Bf2 Bf8 24.Qe1 Qf6 25.Rd7 Bb4 26.Bb6 Rxd7 27.Rxd7 Bc6 28.Ra7 a5 29.a3 Bxc3
30.bxc3 a4 31.Ba2 g4 32.fxg4 Qg6 33.h3 Bxe4 34.c4 Nxg2 35.Qd2 Nf4 36.Qd7 Rf8
37.Kh2 Bd5 38.cxd5 Qxc2+ 39.Kg3 Qg2+  0-1

[Event "ch-Paris"]
[Site "Paris FRA"]
[Date "2000.07.15"]
[Round "1"]
[White "Mullon,J"]
[Black "Leuly,M"]
[Result "1/2-1/2"]
[WhiteElo "2296"]
[BlackElo "2119"]

1.e4 c5 2.Nc3 Nc6 3.Nge2 g6 4.d4 cxd4 5.Nxd4 Bg7 6.Be3 d6 7.Be2 Nf6 8.O-O O-O
9.Nb3 Be6 10.f4 Qc8 11.Qd2 Rd8 12.f5 Bd7 13.fxg6 hxg6 14.Bh6 Bh8 15.Qf4 Ne5
16.Kh1 b5 17.Nd4 Qc5 18.Rad1 b4 19.Nd5 Nxd5 20.exd5 Qxd5 21.Nf3 Qxa2 22.b3 Be8
23.Nd4 Qa5 24.Qh4 Rdc8 25.Qxe7 Qd8 26.Qf8+ Kh7 27.Nf3 Bc6 28.Nxe5 Qxf8 29.Bxf8 Bxe5
30.Bxd6 Bxd6 31.Rxd6 Rc7 32.h4 Kg7 33.Kh2 Rh8 34.Kg3 Be4 35.Bc4  1/2-1/2

[Event "Chesswise International"]
[Site "Stratton Mountain USA"]
[Date "2000.07.15"]
[Round "8"]
[White "Paragua,M"]
[Black "Hossain,Enam"]
[Result "1-0"]
[WhiteElo "2423"]
[BlackElo "2314"]

1.e4 c5 2.Nf3 Nc6 3.Nc3 e5 4.Bc4 Be7 5.d3 d6 6.Nd2 Bg5 7.h4 Bh6 8.Qh5 g6
9.Qd1 Nf6 10.h5 Bg4 11.f3 Bd7 12.hxg6 hxg6 13.Nb3 Bg7 14.Rxh8+ Bxh8 15.Bg5 Nd4
16.Nxd4 cxd4 17.Nd5 Be6 18.Qd2 Bxd5 19.Bxd5 Qc7 20.Bb3 Nh7 21.Ba4+ Kf8 22.Bh6+ Ke7
23.O-O-O Bf6 24.f4 Nf8 25.Rg1 Ne6 26.Bb3 Rh8 27.Bxe6 Kxe6 28.g4 exf4 29.Bxf4 Qc5
30.Kb1 Rh7 31.a3 b6 32.b4 Qc7 33.Qf2 Bh8 34.Bg5 Be5 35.c4 Qc6 36.Bf4 Qa4
37.Kb2 Bh8 38.Qg2 Qc6 39.g5 Ke7 40.Rh1 Rxh1 41.Qxh1 Bg7 42.Qh7 Be5 43.Bxe5 dxe5
44.Qh8 Qc7 45.Kb3 Kd7 46.Qf8 Ke6 47.b5 Qe7 48.Qc8+ Qd7 49.Qa8 f6 50.Qd5+ Qxd5
51.cxd5+  1-0

[Event "ch-POL women"]
[Site "Brzeg Dolny POL"]
[Date "2000.07.16"]
[Round "11"]
[White "Grabarska,B"]
[Black "Andrzejewska,E"]
[Result "1/2-1/2"]
[WhiteElo "2318"]
[BlackElo "2208"]

1.e4 c5 2.Nf3 Nc6 3.Nc3 Nf6 4.d4 cxd4 5.Nxd4 d6 6.Bc4 Qb6 7.Nxc6 bxc6 8.O-O e5
9.Bb3 Be7 10.Be3 Qc7 11.h3 O-O 12.f4 Be6 13.Bxe6 fxe6 14.fxe5 dxe5 15.Qd3 Rab8
16.b3 c5 17.Qc4 Qc6 18.a3 Rfc8 19.Rad1 Rb7 20.Rd2 Rd7 21.Rxd7 Nxd7 22.Rd1 h6
23.Nb5 Nb6 24.Nxa7 Nxc4 25.Nxc6 Rxc6 26.bxc4 Ra6 27.Rd7 Kf8 28.Rc7 Rxa3 29.Bxc5 Bxc5+
30.Rxc5 Rc3 31.Rc8+ Kf7 32.c5 Rxc2 33.c6  1/2-1/2

[Event "10th Smith & Williamson YM"]
[Site "Witley ENG"]
[Date "2000.07.17"]
[Round "4"]
[White "Thiruchelvam,T"]
[Black "D'Costa,L"]
[Result "1/2-1/2"]
[WhiteElo "2218"]
[BlackElo "2157"]

1.e4 c5 2.Nf3 Nc6 3.Nc3 g6 4.d4 cxd4 5.Nxd4 Bg7 6.Be3 Nf6 7.Bc4 Qa5 8.O-O O-O
9.Nb3 Qc7 10.f4 d6 11.h3 b6 12.Be2 Na5 13.Nd2 Be6 14.Nb5 Qc8 15.Bd3  1/2-1/2

[Event "Golden Cleopatra Open"]
[Site "Cairo EGY"]
[Date "2000.07.18"]
[Round "7"]
[White "Hassan,Say"]
[Black "Navrotescu,C"]
[Result "0-1"]
[WhiteElo "2365"]
[BlackElo "2447"]

1.e4 c5 2.Nc3 Nc6 3.Nf3 d6 4.d4 cxd4 5.Nxd4 Nf6 6.Bg5 Bd7 7.Nb3 a6 8.a4 e6
9.a5 Rc8 10.Be3 Qc7 11.Bb6 Qb8 12.f4 Nb4 13.Bd3 e5 14.O-O Be7 15.Kh1 O-O
16.f5 Bc6 17.Nd2 Rfe8 18.Rf3 d5 19.Rh3 dxe4 20.Ndxe4 Nbd5 21.Nxd5 Bxd5 22.Qf3 Bxe4
23.Bxe4 Bc5 24.Bxc5 Rxc5 25.c3 h6 26.Rh4 Re7 27.Bc2 e4 28.Qh3 Qe5 29.g4 Nh7
30.Qe3 Rxa5 31.Rd1 Rd5 32.Rf1 Rd6 33.g5 Nxg5 34.Rhf4 Qf6 35.h4 Nf3 36.Bxe4 Nd2
37.Re1 Rd8 38.Qf2 Nxe4 39.Rfxe4 Rxe4 40.Rxe4 Qc6 41.Qf3 Rd1+ 42.Kg2 Rd2+
43.Kh3 Rxb2 44.f6 Qxf6 45.Qxf6 gxf6 46.c4 Kf8 47.Kg4 Rb4 48.Kh5 b5 49.Rf4 Rxc4
50.Rxf6 a5 51.Rxh6 Kg7 52.Ra6 Rc5+ 53.Kg4 b4 54.Rb6 Rc4+ 55.Kg5 a4 56.h5 Rc5+
57.Kg4 b3 58.Rb4 Ra5  0-1

[Event "2nd ShakkiNet IM"]
[Site "Helsinki FIN"]
[Date "2000.07.18"]
[Round "9"]
[White "Koskela,N"]
[Black "Gamback,B"]
[Result "1/2-1/2"]
[WhiteElo "2182"]
[BlackElo "2235"]

1.e4 c5 2.Nf3 Nc6 3.Nc3 e5 4.Bc4 d6 5.d3 Be7 6.Nd2 Nf6 7.Nf1 Bg4 8.f3 Be6
9.Ne3 O-O 10.O-O Ne8 11.Ncd5 Bg5  1/2-1/2

[Event "10th Smith & Williamson YM"]
[Site "Witley ENG"]
[Date "2000.07.18"]
[Round "5"]
[White "Bitansky,I"]
[Black "Webster,A"]
[Result "1-0"]
[WhiteElo "2359"]
[BlackElo "2417"]

1.e4 c5 2.Nf3 Nc6 3.Nc3 Nf6 4.Bb5 Nd4 5.e5 Nxb5 6.Nxb5 Nd5 7.O-O a6 8.Nc3 Nxc3
9.dxc3 d5 10.h3 h6 11.Re1 e6 12.Bf4 Bd7 13.Nd2 Qh4 14.Bg3 Qg5 15.c4 d4 16.Ne4 Qf5
17.Qd3 O-O-O 18.Qa3 Bc6 19.Nd6+ Bxd6 20.exd6 f6 21.Qa5 Rd7 22.Qb6 Rhd8 23.b4 cxb4
24.a3 bxa3 25.Rxa3 Rxd6 26.c5 Qd5 27.f3 e5 28.cxd6 Qxd6 29.Ra5 g5 30.Rb1 h5
31.Qc5 h4 32.Be1 Kc7 33.Qb6+ Kc8 34.Bb4 Qe6 35.Qc5 Rd5 36.Qf8+ Rd8 37.Qe7 Qc4
38.Qc5 Qe6 39.Kh2 g4 40.hxg4 h3 41.gxh3 Rh8 42.Rg1 Qg8 43.Rxa6  1-0

[Event "KB Czech Open"]
[Site "Pardubice CZE"]
[Date "2000.07.21"]
[Round "1"]
[White "Spal,M"]
[Black "Kernazhitsky,L"]
[Result "1-0"]
[WhiteElo "2239"]
[BlackElo "2410"]

1.e4 c5 2.Nc3 Nc6 3.Bb5 e6 4.Bxc6 bxc6 5.f4 Ne7 6.Nf3 Ba6 7.b3 Ng6 8.g3 c4
9.e5 Be7 10.Qe2 Qa5 11.bxc4 Qb4 12.Rb1 Qxc4 13.Qxc4 Bxc4 14.d3 Bd5 15.Nxd5 cxd5
16.Be3 O-O 17.Kd2 a5 18.Rb7 Rfb8 19.Rb6 Bd8 20.Rbb1 Ne7 21.c3 h5 22.Rxb8 Rxb8
23.Kc2 Nf5 24.Bf2 d6 25.Rb1 Rc8 26.Nd4 Nxd4+ 27.Bxd4 dxe5 28.Bxe5 Bc7 29.Bxc7 Rxc7
30.Rb5 Ra7 31.Kb3 Kf8 32.c4 dxc4+ 33.dxc4 g6 34.Ka4 Rd7 35.Rxa5 Rd2 36.Kb5 Rb2+
37.Kc6 Rxh2 38.c5 Rh3 39.Ra8+ Ke7 40.Ra7+ Kf6 41.Kb7 Rxg3 42.c6 Rc3 43.c7 g5
44.fxg5+ Kxg5 45.c8=Q Rxc8 46.Kxc8 h4 47.Rxf7 e5 48.a4 e4 49.a5  1-0

[Event "15th Open"]
[Site "Avoine FRA"]
[Date "2000.07.22"]
[Round "1"]
[White "Tirard,H"]
[Black "Perrin,G"]
[Result "1-0"]
[WhiteElo "2399"]
[BlackElo "2118"]

1.e4 c5 2.Nc3 Nc6 3.Nge2 d6 4.d4 cxd4 5.Nxd4 Nf6 6.f3 e6 7.Be3 a6 8.g4 Nxd4
9.Qxd4 b5 10.O-O-O Qa5 11.g5 Nd7 12.Kb1 b4 13.Ne2 Nc5 14.Bd2 Rb8 15.a3 e5
16.axb4 Qd8 17.Qc3 Ne6 18.f4 Bb7 19.Bg2 Rc8 20.Qd3 exf4 21.Nxf4 Nxf4 22.Bxf4 Be7
23.Bxd6 O-O 24.Bh3 Bxd6 25.Bxc8 Qxc8 26.Qxd6 Bxe4 27.Qc5 Bxh1 28.Qxc8 Rxc8
29.Rxh1 f5 30.gxf6 gxf6 31.Rd1 Rc6 32.Rd7 f5 33.c3 f4 34.Kc2 Re6 35.Rd2 Kg7
36.Rf2 Rf6 37.Kd3 Kg6 38.Ke4 Kg5 39.Rg2+ Kh4 40.Kf3 h5 41.Rd2 Kh3 42.c4 Rb6
43.Kxf4 Rxb4 44.Rc2 h4 45.Ke5  1-0

[Event "10th Open"]
[Site "Jyvaskyla FIN"]
[Date "2000.07.22"]
[Round "7"]
[White "Salmensuu,O"]
[Black "Holmsten,A"]
[Result "1-0"]
[WhiteElo "2458"]
[BlackElo "2383"]

1.e4 c5 2.Nf3 Nc6 3.Nc3 e5 4.Bc4 Be7 5.d3 d6 6.Nd2 Bg5 7.h4 Bxd2+ 8.Bxd2 Nf6
9.a4 Be6 10.Nd5 h6 11.c3 Na5 12.Ba2 c4 13.Qf3 Bxd5 14.exd5 Qb6 15.Rb1 Qa6
16.Rh3 Rc8 17.g4 b6 18.g5 hxg5 19.hxg5 Rxh3 20.Qxh3 Nxd5 21.Qh8+ Kd7 22.Qxg7 Nb3
23.g6 Ne7 24.gxf7 Qb7 25.Qg4+ Kc7 26.Qxc4+ Nc5 27.Be3 d5 28.Qh4 Kb8 29.Bxc5 bxc5
30.Qh6  1-0

[Event "KB Czech Open"]
[Site "Pardubice CZE"]
[Date "2000.07.23"]
[Round "3"]
[White "Bauma,J"]
[Black "Vavra,P1"]
[Result "0-1"]
[WhiteElo "2233"]
[BlackElo "2393"]

1.e4 c5 2.Nf3 Nc6 3.Nc3 Nf6 4.e5 Ng4 5.Qe2 Qc7 6.b4 Ngxe5 7.Nxe5 Qxe5 8.Qxe5 Nxe5
9.bxc5 Nc6 10.Nb5 Kd8 11.Bb2 b6 12.cxb6 axb6 13.Bc4 e6 14.O-O Ba6 15.Be2 f6
16.c4 Na7 17.Bf3 Nc6 18.Bc3 Rc8 19.Rab1 Bc5 20.Rfc1 e5 21.d3 Ne7 22.a4 Nf5
23.a5 Ke7 24.axb6 Bxb6 25.Bb4+ Bc5 26.Bxc5+ Rxc5 27.Nc3 Nd4 28.Bb7 Bxb7 29.Rxb7 Ra8
30.Re1 Ra3 31.Nd5+ Ke6 32.f4 Rca5 33.fxe5 fxe5 34.Rb8 Nc6 35.Rh8 Kf7 36.Rf1+ Kg6
37.Rf3 e4 38.dxe4 Rxf3 39.gxf3 Ra2 40.f4 Nd4 41.f5+ Kh6 42.Rd8 Nf3+ 43.Kf1 Nxh2+
44.Ke1 Nf3+ 45.Kd1 Rd2+ 46.Kc1 Rd4 47.Rxd7 Ne5 48.Rd6+ Kg5 49.Kb1 h5 50.f6 gxf6
51.Rxf6 Rxe4 52.Rf8 h4 53.c5 h3 54.c6 Nxc6 55.Rh8 Rh4 56.Rg8+ Kf5 57.Ne3+ Ke4
58.Ng4 Kf4 59.Nh2 Ne5 60.Kc2 Ng4 61.Nxg4 Rxg4 62.Rh8 Kg3  0-1

[Event "Open"]
[Site "Bergen NOR"]
[Date "2000.07.24"]
[Round "4"]
[White "Ledger,A"]
[Black "Yakovich,Y"]
[Result "1/2-1/2"]
[WhiteElo "2441"]
[BlackElo "2585"]

1.e4 c5 2.Nc3 Nc6 3.Bb5 Nd4 4.Bc4 e6 5.Nf3 Ne7 6.Nxd4 cxd4 7.Ne2 Nc6 8.d3 Bc5
9.a3 b5 10.Ba2 O-O 11.O-O Bb7 12.Ng3 Ne7 13.Qg4 Kh8 14.Nh5 Ng6 15.Nf4 Nxf4
16.Bxf4 f5 17.exf5 Rxf5 18.Rae1 Qf6 19.Bg3 Rf8 20.Re2 Rg5 21.Qh3 Qg6 22.f3 Be7
23.Re5 Bf6 24.Rxg5 Qxg5 25.f4 Qc5 26.Rf2 Bd5 27.Bxd5 Qxd5 28.Bh4 Kg8 29.Bxf6 Rxf6
30.Qf3 Rf5 31.g4 Qxf3 32.Rxf3 Rc5 33.Rf2 h5 34.h3 hxg4 35.hxg4 g5 36.fxg5 Rxg5
37.Rg2 Kg7 38.Kf2 Kg6 39.Kg3 Re5 40.Kh4 Re1 41.g5 Rf1 42.Re2 Rf4+ 43.Kg3 Kxg5
44.Re5+ Rf5 45.Re4 Rd5 46.b4 Kf6 47.Rh4 Rg5+ 48.Kf3 Ke5 49.Rh8 d5 50.Rh7 a6
51.Ra7 Rg8 52.Ke2 Rc8 53.Kd2 Rc6 54.Kc1 Kd6 55.Kd2 e5 56.Rh7 e4 57.Rh6+ Kc7
58.Rh7+ Kb6 59.Rd7 e3+ 60.Kd1 e2+ 61.Kxe2 Rxc2+ 62.Kd1 Rc3 63.Rxd5 Rxd3+
64.Kc2 Rc3+ 65.Kd2 Rxa3 66.Rxd4 a5 67.bxa5+ Kxa5 68.Kc2 Rh3 69.Kb2  1/2-1/2

[Event "Glorney and Faber Cup"]
[Site "Dublin IRL"]
[Date "2000.07.24"]
[Round "1"]
[White "Willemze,T"]
[Black "Buckley,S"]
[Result "1/2-1/2"]
[WhiteElo "2268"]
[BlackElo "2237"]

1.e4 c5 2.Nc3 Nc6 3.Nf3 g6 4.Bb5 Bg7 5.Bxc6 dxc6 6.h3 Nf6 7.O-O Nd7 8.d3 O-O
9.Be3 e5 10.Qd2 Qe7 11.Rae1 Rd8 12.b3 Nf8 13.Ne2 Ne6 14.Nh2 a5 15.f4 exf4
16.Nxf4 a4 17.Nxe6 Bxe6 18.Bg5 f6 19.Bh4 Rf8 20.e5 Rf7 21.Ng4 Bxg4 22.exf6 Qd8
23.hxg4 Bxf6 24.Rxf6 Rxf6 25.Qc3 g5 26.Bxg5 Rf1+ 27.Rxf1 Qxg5 28.Qc4+ Kh8
29.Qe4 axb3 30.axb3 Qg7 31.Rf5 Qd4+ 32.Qxd4+ cxd4 33.Kf2 Kg7 34.Kf3 Re8 35.Rf4 Re3+
36.Kf2 c5 37.Rf5 b6 38.Rd5 Re6 39.b4 cxb4 40.Rxd4 Rc6 41.Rxb4 Rxc2+ 42.Kf3 Rc6
43.d4 Kf6 44.Ke4 Rd6 45.d5 h6 46.g3 Ke7 47.Ke5 Rg6 48.Rf4 Rg5+ 49.Kd4 Rg6
50.Ke4 b5 51.Kf3 Kd6 52.Rd4 Ke5 53.Rd1 Rd6 54.Re1+ Kxd5 55.Kf4 b4 56.Kf5 Kc4
57.g5 hxg5 58.Kxg5 b3 59.g4 b2 60.Kh5 Kc3 61.g5 Kc2 62.g6 b1=Q 63.Rxb1 Kxb1  1/2-1/2

[Event "ch-HUN Women"]
[Site "Budapest HUN"]
[Date "2000.07.25"]
[Round "5"]
[White "Gara,T"]
[Black "Lakos,N"]
[Result "1/2-1/2"]
[WhiteElo "2296"]
[BlackElo "2327"]

1.e4 c5 2.Nc3 Nc6 3.Bb5 e6 4.Bxc6 bxc6 5.f4 c4 6.e5 d5 7.exd6 Qxd6 8.Qf3 Nf6
9.Nge2 Be7 10.b3 Ba6 11.O-O O-O 12.Rd1 Rfd8 13.Kh1 Qc5 14.Bb2 Qh5 15.Qxh5 Nxh5
16.bxc4 Rab8 17.Rab1 Bxc4  1/2-1/2

[Event "Open"]
[Site "Dieren NED"]
[Date "2000.07.25"]
[Round "7"]
[White "Remmel,T"]
[Black "Hoeksema,E"]
[Result "0-1"]
[WhiteElo "2225"]
[BlackElo "2409"]

1.e4 c5 2.Nf3 Nc6 3.Nc3 Nf6 4.d4 cxd4 5.Nxd4 d6 6.h3 e6 7.g4 a6 8.Be3 Be7
9.Bg2 O-O 10.Qe2 Nxd4 11.Bxd4 e5 12.Be3 Be6 13.Qd2 Rc8 14.O-O-O b5 15.Kb1 Nd7
16.Nd5 Bxd5 17.Qxd5 Qc7 18.Qd2 Nb6 19.Qe2 b4 20.h4 Rb8 21.Bf1 Rfc8 22.g5 Na4
23.Bh3 Rd8 24.h5 d5 25.exd5 Rb5 26.Ka1 Ra5 27.g6 Nc3 28.gxf7+ Kf8 29.bxc3 bxc3
30.Rb1 Rxa2+ 31.Kxa2 Qa5+ 32.Kb3 Qb4+ 33.Ka2 Qa3+  0-1

[Event "Open"]
[Site "Bergen NOR"]
[Date "2000.07.26"]
[Round "6"]
[White "Lobzhanidze,D"]
[Black "Agopov,M"]
[Result "1/2-1/2"]
[WhiteElo "2493"]
[BlackElo "2399"]

1.e4 c5 2.Nf3 Nc6 3.Nc3 g6 4.d4 cxd4 5.Nxd4 Bg7 6.Be3 Nf6 7.Bc4 O-O 8.Bb3 d6
9.f3 Bd7 10.Qd2 Nxd4 11.Bxd4 b5 12.O-O a5 13.a4 b4 14.Ne2 Bc6 15.g4 Nd7 16.Bxg7 Kxg7
17.Nd4 Rc8 18.Kg2 Nc5 19.h4 e5 20.Nxc6 Nxb3 21.cxb3 Rxc6 22.Rac1 Rxc1 23.Rxc1 f5
24.exf5 gxf5 25.g5 Qb6 26.Rd1 Rc8 27.Qd3 Qc6 28.Qxf5 Qc2+ 29.Qxc2 Rxc2+ 30.Kg3 Rxb2
31.Rxd6 Rxb3 32.Re6 Ra3 33.Rxe5 Rxa4 34.Rb5 h5 35.f4 Ra3+ 36.Kf2 b3 37.f5 Ra4
38.f6+ Kg6 39.Rxb3 Rxh4 40.Rf3 Kf7 41.Rf5 Rg4 42.Rxa5 Kg6 43.Kf3 Rg1 44.Kf4 Rg4+
45.Kf3 Rg1 46.Re5 h4 47.Kf2 Rg4 48.Kf3 Rg1 49.Kf4 h3 50.Re7 Rf1+ 51.Kg4 Rg1+
52.Kxh3 Rxg5  1/2-1/2